000 00365nam a2200145 i 4500
001 bg
100 1 _aBLINOWSKI, Andrzej
245 0 _aMechanika ciał sprężystych i plastycznych /
_cA. Blinowski. T.1.
260 _aBiałystok,
_c1989.
040 _cBPK
041 _apol
080 _a539.3/.6(075.8)
942 _cKS
008 s pl f |000 0 pol
999 _c4159
_d4159
856 _uhttp://koha.tu.koszalin.pl/cgi-bin/koha/opac-detail.pl?biblionumber=4159
_yKatalog online BPK